| 000 | 01119nam2a22002771 4500 | ||
|---|---|---|---|
| 001 | rc\4622213 | ||
| 005 | 20130416195747.5 | ||
| 035 | _a(NLR Aleph) 008400307 | ||
| 090 |
_a9232224 _c9232224 |
||
| 100 | _a20130416d1965 |||y0rusy50 ca | ||
| 101 | 0 | _arus | |
| 102 | _aRU | ||
| 105 | _aa z ||||| | ||
| 200 | 1 |
_aЭлементы систем автоматического управления _fБитяй К.Г., Калмыков В.А., Реут Л.М., Свердлов О.С. |
|
| 210 | _d1965 | ||
| 215 |
_a71 с. _cил. |
||
| 461 | 0 |
_1001rc\4622212 _12001#$aСборник задач по курсу "Основы автоматического управления"$fПод ред. О.С. Свердлова. Раздел 1-$gМинское высш. инж. радиотехн. училище войск ПВО страны$vРаздел 1 |
|
| 701 | 1 |
_aКалмыков _bВ. А. |
|
| 701 | 1 |
_aРеут _bЛ. М. |
|
| 701 | 1 |
_aБитяй _bК. Г. |
|
| 701 | 1 |
_aСвердлов _bО. С. |
|
| 801 | 0 |
_aRU _bNLR _gpsbo |
|
| 801 | 1 |
_aRU _bELAR _2rusmarc |
|
| 852 |
_aNLR _j50к/202 |
||
| 942 | _cBOOK | ||
| 980 | _aNB | ||